000
00266nam a22001217a 4500
041
_a
ENG
100
_a
Johnson .E.F
245
_a
Automatic Process Control
260
_a
New York
_b
Mcgraw-Hill Company
_c
1967
300
_a
272
650
_a
APE
856
_u
APE ( 3 )
999
_c
2498
_d
2498